000 00706nam a22002417a 4500
999 _c178116
_d178116
005 20210317160711.0
006 a|||||f|||| 00| 0
007 tc
008 180720b xxu||||| |||| 00| 0 eng d
010 _aBR-003160-BR-003161
020 _c05.00
035 _aBR-003160
037 _bA.I.C.B.
082 _aS
100 _aOm Swami
245 _aKUNDALINI
_cOm Swami
246 _aKUNDALINI
260 _aNew Delhi
_bA.C.I.B.
_cN.D.
270 _aSector-5, Rohini,
_b New Delhi
_e110085
300 _a2V.,various pages.
_c30cm (HB).
942 _2ddc
_cBRLEN
_hS
_mOMS